000 01168naa a22003137a 4500
001 BR8405271
003 BR-BrBNA
005 20250721154450.0
007 ta
008 250630b bl.|||m| |||| 00| 0 por d
040 _aBR-BrBNA
_bpor
_cBiblioteca Nacional de Agricultura
041 _a(Pt)
072 _aH10
_b0180
_b4020
090 _aH10 BR8405271
100 1 _aSilva, J.J.C. da
100 1 _aGomes, S.A.
100 1 _aRumiatto, M.
111 1 _a10. Reuniao da Comissao Norte Brasileira de Pesquisa de Trigo
_cCampinas, SP (Brazil)
_d9-13 Jan 1984
245 1 _aLagartas da parte aerea do trigo
500 _aResultados de pesquisa com trigo obtidos pela UEPAE Dourados em 1983 Dourados, MS (Brasil): 1984. p. 183-188 (BR8405271-AMS)
773 0 _tResultados de pesquisa com trigo obtidos pela UEPAE Dourados em 1983
_wH10 BR8405271
_gDourados, MS (Brasil), 1984. p. 183-188
650 _aTRIGO
650 _aLAGARTA
650 _aCONTROLE QUIMICO
650 _aAGROTOXICO
490 _aDocumentos - Unidade de Execucao de Pesquisa de Ambito Estadual de Dourados (Brazil)
_vno. 6
942 _cAMS
_2AGRIS
909 _a202506
_bLúcia
_c55
_dLúcia Elande
999 _c334960
_d334960